00739nam a22002177a 450000500170000001000140001702000260003103500130005703700130007008200130008310000250009624500540012126000330017527000530020830000220026165000220028365000340030594200270033999900170036695201380038320100804154710.0 aENG-98026 a9788183822145c125.00 aEN-81559 bDBAD/PUB a658.4052 aAnand, Sandeep96191 aHow to negotiate effectively? /cby Sandeep Anand aNew DelhibLotus Pressc2010 a4263/3, Ansari Road, DaryaganjbNew Delhie10002 a202p.c21cm (pbk) aNegotiation96192 aNegotiation in business96193 2ddccENh658.4052mANA c39279d39279 001040718NFICaDBADbDBADd2010-08-04eDBAD/PUBg125.00l0o658.4052 ANApEN-81559r2010-08-04 00:00:00t1v125.00w2010-08-04yEN